000 00565nam a2200181Ia 4500
008 090124s9999 xx 000 0 und d
082 _b1461
100 _a"FRIEDRICH, G. CARL"
245 _aFROM THE DECLARATION OF INDEPENDENCE TO THE CONSTITUTION
250 _a0
260 _bTHE LIBERAL ARTS PRESS
_c1954
300 _a71
600 _a"FRIEDRICH, G. CARL"
630 _aFROM THE DECLARATION OF INDEPENDENCE TO THE CONSTITUTION
700 _a"FRIEDRICH, G. CARL"
730 _aFROM THE DECLARATION OF INDEPENDENCE TO THE CONSTITUTION
942 _cBOOK
999 _c82020
_d82020